书目信息 |
| 题名: |
柱间支撑 97G336
|
|
| 作者: | 中国建筑东北设计研究院 主编 | |
| 分册: | ||
| 出版信息: | 北京 中国建筑标准设计研究所 1999.05 |
|
| 页数: | 160页 | |
| 开本: | 16开 | |
| 丛书名: | ||
| 单 册: | ||
| 中图分类: | TU323 | |
| 科图分类: | ||
| 主题词: | 建筑结构--杆件 | |
| 电子资源: | ||
| ISBN: | ||
| 000 | 00615nam0 2200193 45 | |
| 001 | 0002291465 | |
| 005 | 20000229144122.9 | |
| 010 | @d40.80元 | |
| 100 | @a20000229d1999 km y0chiy0120 ea | |
| 101 | @achi | |
| 105 | @a z 000yy | |
| 200 | 1 | @a柱间支撑 97G336@AZhu Jian Zhi Cheng 97G336@f中国建筑东北设计研究院主编@FZhong Guo Jian Zhu Dong Bei She Ji Yan Jiu Yuan Zhu Bian |
| 210 | @a北京@c中国建筑标准设计研究所@d1999.05 | |
| 215 | @a160页@d16开 | |
| 606 | 0 | @a建筑结构@x杆件 |
| 690 | @aTU323@v3 | |
| 701 | @a中国建筑东北设计研究院@4主编 | |
| 801 | @aCN@bPftUser@c20000229 | |
| 905 | @f5@b49760-764@dTU323@eZH:345 | |
| 柱间支撑 97G336/中国建筑东北设计研究院主编.-北京:中国建筑标准设计研究所,1999.05 |
| 160页;16开 |
| ISBN :40.80元 |
| ● |
| 相关链接 |
|
|
|
正题名:柱间支撑97G336
索取号:TU323/ZH:345
 
预约/预借
| 序号 | 登录号 | 条形码 | 馆藏地/架位号 | 状态 | 备注 |
| 1 | 49761 | 200497612 | 建筑库101/101建筑库 81排3列4层/ [索取号:TU323/ZH:345] | 在馆 | |
| 2 | 49762 | 200497621 | 自科二线404/404自科库 24排3列3层/ [索取号:TU323/ZH:345] | 在馆 | |
| 3 | 49763 | 200497630 | 建筑库101/101建筑库 81排3列4层/ [索取号:TU323/ZH:345] | 在馆 | |
| 4 | 49764 | 200497649 | 建筑库101/101建筑库 81排3列4层/ [索取号:TU323/ZH:345] | 在馆 |